Lược sử nhân học
Tên sách tiếng Pháp: Brève histoire de l'anthropologie; Trình bày lược sử của nhân học xã hội: Trước khi có bá quyền Châu Âu, phát hiện ra Châu Mĩ, ý chí hiểu biết, liệu có thể có một môn nhân học của Châu Âu, từ hộp sọ tới văn hoá,...
保存先:
| 第一著者: | |
|---|---|
| その他の著者: | |
| フォーマット: | 図書 |
| 言語: | Undetermined |
| 出版事項: |
H.
Đại học Sư phạm; Laboratoire d'excellence TransfertS
2018
|
| 主題: | |
| オンライン・アクセス: | http://lrc.tdmu.edu.vn/opac/search/detail.asp?aID=2&ID=34433 |
| タグ: |
タグ追加
タグなし, このレコードへの初めてのタグを付けませんか!
|
| Thư viện lưu trữ: | Trung tâm Học liệu Trường Đại học Thủ Dầu Một |
|---|
| LEADER | 01401nam a2200217Ia 4500 | ||
|---|---|---|---|
| 001 | TDMU_34433 | ||
| 008 | 210410s9999 xx 000 0 und d | ||
| 082 | |a 351.03 | ||
| 090 | |b W200 | ||
| 100 | |a Weber, Florence | ||
| 245 | 0 | |a Lược sử nhân học | |
| 245 | 0 | |c Florence Weber; Phạm Anh Tuấn (dịch) | |
| 260 | |a H. | ||
| 260 | |b Đại học Sư phạm; Laboratoire d'excellence TransfertS | ||
| 260 | |c 2018 | ||
| 300 | |a 343tr. | ||
| 520 | |a Tên sách tiếng Pháp: Brève histoire de l'anthropologie; Trình bày lược sử của nhân học xã hội: Trước khi có bá quyền Châu Âu, phát hiện ra Châu Mĩ, ý chí hiểu biết, liệu có thể có một môn nhân học của Châu Âu, từ hộp sọ tới văn hoá, thời đại hoàng kim của nhân học xã hội, các nhà bác học trong sự giằng xé nội tâm, khủng hoảng và đổi mới. Kết luận bằng việc phân tích những triển vọng lí thuyết mới mẻ và bốn nguyên tắc của nhân học xã hội | ||
| 650 | |a Nhân học |x Lịch sử |x Phát triển | ||
| 700 | |a Phạm, Anh Tuấn | ||
| 856 | |u http://lrc.tdmu.edu.vn/opac/search/detail.asp?aID=2&ID=34433 | ||
| 980 | |a Trung tâm Học liệu Trường Đại học Thủ Dầu Một | ||